Bilecik Bilecik Bilecik Bilecik Bilecik

PLC (programmable logic controllers) programlanabilir lojik denetleyiciler : (Record no. 558)

MARC details
000 -BAŞLIK
Sabit Uzunluktaki Kontrol Alanı 01081nam a22003497a 4500
001 - KONTROL NUMARASI
Control Dosyası 0000557
003 - KONTROL NUMARASI KİMLİĞİ
Kontrol Alanı KOHA_MİRAKIL
005 - EN SON İŞLEM TARİHİ ve ZAMANI
Kontrol Alanı 20260207001213.0
007 - FİZİKSEL TANIM SABİT ALAN - GENEL BİLGİ
Sabit uzunluklu kontrol alanı ta
008 - SABİT UZUNLUKTAKİ VERİ ÖGELERİ - GENEL BİLGİ
Sabit Alan 100209b2004 tu |||gr||||#||||0|tur |
020 ## - ISBN - ULUSLARARASI STANDART KİTAP NUMARASI
Isbn 9752953433
Kullanılabilirlik koşulları TL,01
040 ## - KATALOGLAMA KAYNAĞI
Özgün Kataloglama Kurumu TR-BiSEU
Kataloglama Dili tur
Çeviri Kurumu TR-BiSEU
Açıklama Kuralları rda
041 0# - DİL KODU
Metin ya da ses kaydının dil kodu tur
044 ## - YAYINLAYAN/ÜRETEN KURULUŞUN ÜLKE KODU
ISO country code tu
050 ## - SINIFLAMA ve YER NUMARASI
Sınıflama Numarası TJ223.P76
Yer Numarası Y34 2004
100 1# - KİŞİ ADI
Yazar Adı (Kişi adı) Yağımlı, Mustafa.
245 1# - ESER ADI BİLDİRİMİ
Başlık PLC (programmable logic controllers) programlanabilir lojik denetleyiciler :
Alt Eseradı vb. PLC programlama mantığı.../
Sorumluluk Bildirimi Mustafa Yağımlı ; Mustafa Yağımlı, Feyzi Akar.
264 #1 - ÜRERİM, YAYIN, DAĞITIM ve TELİF BİLDİRİMİ
Yayın yeri İstanbul :
Yayınlayan Beta
Yayın tarihi 2004
300 ## - FİZİKSEL TANIMLAMA
Sayfa, Cilt vb. xii, 323 sayfa: resimli; 25 cm.
336 ## - İÇERİK TÜRÜ
Content type term metin
Content type code txt
Source rdacontent
337 ## - MEDYA TÜRÜ
Media type term aracısız
Media type code n
Source rdamedia
338 ## - TAŞIYICI TÜRÜ
Carrier type term cilt
Carrier type code nc
Source rdacarrier
490 1# - DİZİ BİLDİRİMİ
Dizi Bildirimi Yayın ;
Cilt Numarası no.
490 1# - DİZİ BİLDİRİMİ
Dizi Bildirimi 1462.
490 1# - DİZİ BİLDİRİMİ
Dizi Bildirimi Teknik dizisi ;
Cilt Numarası 105.
500 ## - GENEL NOT
Genel Not Kaynakça var.
650 #0 - KONU BAŞLIĞI EK GİRİŞ - KONU TERİMİ
Konusal terim veya coğrafi ad Programlanabilir kontrolcular.
9 (RLIN) 1939
830 1# - SERİ EK GİRİŞİ - TEKBİÇİM ESER ADI
Tekbiçim Başlık Yayın ;
Volume number/sequential designation no.
9 (RLIN) 1557
830 1# - SERİ EK GİRİŞİ - TEKBİÇİM ESER ADI
Tekbiçim Başlık 1462.
9 (RLIN) 2815
830 1# - SERİ EK GİRİŞİ - TEKBİÇİM ESER ADI
Tekbiçim Başlık Teknik dizisi ;
Volume number/sequential designation 105.
9 (RLIN) 1559
942 ## - EK GİRİŞ ÖGELERİ (KOHA)
Source of classification or shelving scheme Library of Congress Classification
Koha item type Book
Holdings
Materyal Türü Kalıcı Konum Mevcut Konum Raf Yeri Sınıflandırma Kaynağı Edinim Bilgisi Ana Konular Alt Konular Yer Numarası Demirbaş Numarası Fatura Tarihi Maliyet, Alış Fiyatı Maliyet, Yenileme Fiyatı Geri Çekilme Durumu Kayıp Durumu Hasarlı Durumu Kredi için değil Kayıt Tarih Toplam Ödünçverme Son Görülme Tarihi Son Kontrol Tarihi Genel / Bağış Notu
Book BŞEÜ Osmaneli MYO Kütüphanesi BŞEÜ Osmaneli MYO Kütüphanesi   Library of Congress Classification Bağış TEKNOLOJİ Makine Mühendisliği ve Makineler TJ223.P76 Y34 2004 0020226 02/02/2026 10.00 10.00         05/08/2010   05/12/2024 05/12/2024 Genel Bağış
Book Prof. Dr. Azmi Özcan Kütüphanesi Prof. Dr. Azmi Özcan Kütüphanesi Birûni Salonu Library of Congress Classification Satın TEKNOLOJİ Makine Mühendisliği ve Makineler TJ223.P76 Y34 2004 0000557 12/12/2008 26.67 26.67         12/12/2008 9 05/12/2024 05/12/2024  
Book Prof. Dr. Azmi Özcan Kütüphanesi Prof. Dr. Azmi Özcan Kütüphanesi Birûni Salonu Library of Congress Classification Bağış TEKNOLOJİ Makine Mühendisliği ve Makineler TJ223.P76 Y34 2004 0002379 13/08/2010 10.00 10.00         26/02/2009 3 05/12/2024 05/12/2024 MYO
Book Prof. Dr. Azmi Özcan Kütüphanesi Prof. Dr. Azmi Özcan Kütüphanesi Birûni Salonu Library of Congress Classification Bağış TEKNOLOJİ Makine Mühendisliği ve Makineler TJ223.P76 Y34 2004 0002380 13/08/2010 10.00 10.00         26/02/2009 3 05/12/2024 05/12/2024 MYO
Book Prof. Dr. Azmi Özcan Kütüphanesi Prof. Dr. Azmi Özcan Kütüphanesi Birûni Salonu Library of Congress Classification Bağış TEKNOLOJİ Makine Mühendisliği ve Makineler TJ223.P76 Y34 2004 0003046 13/08/2010 10.00 10.00         17/03/2009 9 05/12/2024 05/12/2024 MYO
Book Prof. Dr. Azmi Özcan Kütüphanesi Prof. Dr. Azmi Özcan Kütüphanesi Birûni Salonu Library of Congress Classification Bağış TEKNOLOJİ Makine Mühendisliği ve Makineler TJ223.P76 Y34 2004 0012950 02/02/2026 10.00 10.00         09/02/2010 2 05/12/2024 05/12/2024 Genel Bağış